Mechatronics: Integrated mechanical electronic systems (Record no. 5304)

MARC details
000 -LEADER
fixed length control field 00478nam a2200169Ia 4500
008 - FIXED-LENGTH DATA ELEMENTS--GENERAL INFORMATION
fixed length control field 230917s9999||||xx |||||||||||||| ||und||
020 ## - ISBN
Price RS 849.00
040 ## - CATALOGING SOURCE
-- 5009531
Original cataloging agency VIVEKANANDA LIBRARY
041 ## - Language
-- English
082 ## - DDC NUMBER
Classification number 621.3 R143M
100 ## - MAIN ENTRY--PERSONAL NAME
Personal name Ramachandran, K P
245 #0 - TITLE STATEMENT
Title Mechatronics: Integrated mechanical electronic systems
260 ## - PUBLICATION, DISTRIBUTION, ETC. (IMPRINT)
Place of publication, distribution, etc New Delhi
Name of publisher, distributor, etc Wiley India
Date of publication, distribution, etc 2019
300 ## - PHYSICAL DESCRIPTION
Pages xxii, 830 p.
500 ## - GENERAL NOTE
General note 4508 27/01/2022 HBD22/9301 04/03/2022 Main Budget
942 ## - ADDED ENTRY ELEMENTS (KOHA)
Koha item type Books
Holdings
Withdrawn status Lost status Damaged status Not for loan Location (home branch) Sublocation or collection (holding branch) Shelving location Date acquired Koha issues (times borrowed) Koha full call number Accession No. Koha date last seen Koha item type
        VIVEKANANDA LIBRARY VIVEKANANDA LIBRARY UIET Library 27/03/2022   621.3 R143M 405230 17/09/2023 Books
        VIVEKANANDA LIBRARY VIVEKANANDA LIBRARY UIET Library 27/03/2022   621.3 R143M 405231 17/09/2023 Books
        VIVEKANANDA LIBRARY VIVEKANANDA LIBRARY UIET Library 27/03/2022   621.3 R143M 405232 17/09/2023 Books
        VIVEKANANDA LIBRARY VIVEKANANDA LIBRARY UIET Library 27/03/2022   621.3 R143M 405233 17/09/2023 Books
        VIVEKANANDA LIBRARY VIVEKANANDA LIBRARY UIET Library 27/03/2022   621.3 R143M 405234 17/09/2023 Books
© Designed and Maintained by Vivekananda Library, MDU Rohtak